000 00270pam a2200121 a 4500
020 _c
041 _aeng
100 _aC.M.Vaughan.
245 _aWords From Poets
_hTextual Documents
260 _aNew Delhi
_bMacmillan India Ltd
_c1911
300 _a316p.
930 _a16328
999 _c93228
_d93228